| 000 | 00462nab a22001457 4500 | ||
|---|---|---|---|
| 003 | ES-SlBCS | ||
| 005 | 20210327224306.0 | ||
| 008 | 201006s2020 sp ||||| |||| 00| 0 spa d | ||
| 040 |
_aES-SlBCS _bspa |
||
| 041 | _aspa | ||
| 100 | 1 |
_aKatherine G. Schmidt _9119460 |
|
| 245 | 1 | 3 |
_aLa generación milenial y la teología pública en una era digital _cKatherine G. Schmidt |
| 773 | 0 |
_gNúm. 387, 2020, págs. 161-166 _tConcilium _wRev134 _x0210-1041 |
|
| 942 |
_2lcc _cAR |
||
| 999 |
_c487444 _d487444 |
||